| 000 | 00000nam##2200000za#4500 |
| 001 | 9.571105 |
| 003 | CaOODSP |
| 005 | 20210624182548 |
| 007 | cr ||||||||||| |
| 008 | 150406|2007||||xxc|||||o f|0| 0 eng|d |
| 022 | |a1919-3769 |
| 040 | |aCaOODSP|beng |
| 043 | |an-cn--- |
| 086 | 1 |aFs70-7/2007-019E-PDF |
| 110 | 1 |aCanada. |bDepartment of Fisheries and Oceans. |bGulf Region. |
| 245 | 10|aSize at 50% maturity for southern Gulf of St. Lawrence herring (NAFO 4T) |h[electronic resource] |
| 246 | 1 |aGulf Region - science response, size at 50% maturity, 4T herring |
| 260 | |aDartmouth - Nova Scotia : |bFisheries and Oceans Canada. |cDecember 2007. |
| 300 | |a5p.|bgraphs, references, table |
| 490 | 1 |aCanadian Science Advisory Secretariat - science response |x1919-3769|v2007/019, Gulf Region |
| 590 | |a11-22-Supp|b2011-10-13 |
| 775 | 08|tTaille du hareng du sud du golfe du Saint-Laurent (division 4T de l'OPANO) à 50% de maturité |w(CaOODSP)9.601745 |
| 830 | #0|aScience response (Canadian Science Advisory Secretariat)|x1919-3769|v2007/019, Gulf Region|w(CaOODSP)9.506232 |
| 856 | 40|ahttp://publications.gc.ca|qPDF|s86 KB|uhttps://publications.gc.ca/collections/collection_2011/mpo-dfo/Fs70-7-2007-019-eng.pdf|y2007/019, Gulf Region |